Bezpečnosť teoreticko-metodologické východiská
Guardado en:
| Autor principal: | |
|---|---|
| Formato: | Libro |
| Lenguaje: | eslovaco |
| Publicado: |
Plzeň
Vydavatelství a nakladatelství Aleš Čeněk
2022
|
| Materias: | |
| Etiquetas: |
Sin Etiquetas, Sea el primero en etiquetar este registro!
|
MARC
| LEADER | 00000nam a2200000 4500 | ||
|---|---|---|---|
| 001 | 0298965 | ||
| 005 | 20240509112020.7 | ||
| 020 | |a 978-80-7380-873-0 | ||
| 041 | 0 | |a slo | |
| 044 | |a CZ | ||
| 245 | 1 | 0 | |a Bezpečnosť |b teoreticko-metodologické východiská |c Radoslav Ivančík |
| 264 | 1 | |a Plzeň |b Vydavatelství a nakladatelství Aleš Čeněk |c 2022 | |
| 300 | |a 239 s. | ||
| 610 | 2 | 0 | |a bezpečnosť medzinárodná |
| 610 | 2 | 0 | |a bezpečnosť národná |
| 610 | 2 | 0 | |a bezpečnosť ekonomická |
| 610 | 2 | 0 | |a bezpečnosť environmentálna |
| 610 | 2 | 0 | |a riziko bezpečnostné |
| 610 | 2 | 0 | |a konflikty medzinárodné |
| 610 | 2 | 0 | |a globalizácia |
| 100 | 1 | |a Ivančík, Radoslav | |